Biblioteca

Concordancia greco-española del Nuevo Testamento : (Registro nro. 67337)

Detalles MARC
000 -LÍDER
Campo fijo de descripción fija 01110cam a2200349 i 4500
001 - NÚMERO DE CONTROL
Campo de control 768714001
003 - IDENTIFICADOR DEL NÚMERO DE CONTROL
Campo de control CO-MdFUSB
005 - FECHA Y HORA DE LA ULTIMA TRANSACCIÓN
control field 20220228104058.0
007 - CAMPO FIJO DE DESCRIPCIÓN FIJA--INFORMACIÓN GENERAL
Campo fijo de descripción fija ta
008 - ELEMENTOS DE LONGITUD FIJA -- INFORMACIÓN GENERAL
Campo fijo de descripción fija -- Información general 780412t1976uuuusp 000 0 spa d
020 ## - NÚMERO INTERNACIONAL NORMALIZADO PARA LIBROS
Número Internacional Normalizado del libro 8472282635
020 ## - NÚMERO INTERNACIONAL NORMALIZADO PARA LIBROS
Número Internacional Normalizado del libro 9788472282636
040 ## - FUENTE DE CATALOGACIÓN
Agencia de catalogación original NOC
Agencia que realiza la transcripción CO-MdFUSB
Agencia que realiza la modificación OCLCQ
-- DIBAM
-- CAP
-- UtOrBLW
Idioma de catalogación spa
Convenciones de la descripción rda
041 0# - CÓDIGO DE IDIOMA
Código de idioma para texto/pista de sonido o título separado spa
-- spa
082 ## - NÚMERO DE CLASIFICACIÓN DECIMAL DEWEY
Número de la edición del Dewey 23
Número de clasificación 225.3
Clave de autor-Numero de item P499
100 1# - ASIENTO PRINCIPAL--NOMBRE PERSONAL
Nombre personal Petter, Hugh M.
245 10 - TÍTULO
Título del Material Concordancia greco-española del Nuevo Testamento :
Parte restante del título - Subtitulo según la versión de Cipriano de Valera y el texto griego de Eberhard Nestle
Mención de responsabilidad, etc. / compilada por Hugo M. Petter.
264 #1 - PRODUCCIÓN, PUBLICACIÓN, DISTRIBUCIÓN, MANUFACTURA, Y COPYRIGHT
Lugar de producción, publicación, distribución, manufactura Barcelona, España :
Nombre del productor, publicador, distribuidor CLIE,
Fecha de producción, publicación, distribución, manufactura, o copyright [1976]
264 #4 - PRODUCCIÓN, PUBLICACIÓN, DISTRIBUCIÓN, MANUFACTURA, Y COPYRIGHT
Fecha de producción, publicación, distribución, manufactura, o copyright © 1976
300 ## - DESCRIPCIÓN FÍSICA
Extensión 595 páginas ;
Dimensiones 23 cm.
336 ## - TIPO DE CONTENIDO
Término de tipo de contenido texto
Código de tipo de contenido txt
Fuente rdacontent.
337 ## - TIPO DE MEDIO
Nombre del tipo de medio sin mediación
Código del tipo de medio n
Fuente rdamedia.
338 ## - TIPO DE SOPORTE
Nombre del tipo de soporte volumen
Código Tipo de soporte nc
Fuente rdacarrier.
490 1# - MENCIÓN DE SERIE
Mención de serie Literatura evangélica.
505 ## - NOTA DE CONTENIDO
Nota de contenido con formato preestablecido Concordancia
563 ## - NOTA DE ENCUADERNACIÓN
Nota de encuadernación Pasta dura
630 07 - TITULO UNIFORME
Título uniforme Biblia.
Nombre de parte o sección de la obra Nuevo Testamento
700 ## - ASIENTO SECUNDARIO - NOMBRE PERSONAL
9 (RLIN) 6312
Nombre personal Petter, Hugo M.,
Responsabilidad compilador
942 ## - TIPO DE MATERIAL (KOHA)
Tipo de Item KOHA Libros de Referencia
945 ## - INFORMACIÓN LOCAL DEL REGISTRO
Catalogador JTF-925
Existencias
Estado de Material Estado de Perdido Forma de Clasificación Estado de Dañado No para Préstamo Colección Biblioteca de Origen Biblioteca Permanente Fecha de Adquisición Área Total de Préstamos Signatura Topográfica Código de Barras Última vez visto Última vez Préstado Ejemplar/Existencia Fecha de Remplazo Tipo de Material
    Dewey Decimal Classification     Colección de Referencia Biblioteca FUSBC Biblioteca FUSBC 28/02/2022 BIBLIA 4 R 225.3 P499nu 10702 26/09/2025 18/09/2025 Ej.1 28/02/2022 Libros de Referencia

Biblioteca FUSBC | Teléfono: (57+4) 349 88 10 Ext. 141| WhatsApp (+57) 3005338115 
E-mail: biblioteca@unisbc.edu.co | Calle 76 87-14 Robledo Palenque, Medellín, Colombia

Con tecnología Koha